Acta Universitatis Carolinae Environmentalica
Guardado en:
| Formato: | Seriadas |
|---|---|
| Lenguaje: | inglés |
| Publicado: |
Praha
Univerzita Karlova v Praze. Nakladatelství Karolinum
2007
|
| Materias: | |
| Etiquetas: |
Sin Etiquetas, Sea el primero en etiquetar este registro!
|
MARC
| LEADER | 00000nas2a2200000 4500 | ||
|---|---|---|---|
| 001 | 0129354 | ||
| 005 | 20110517113916.2 | ||
| 022 | |a 0862-6529 | ||
| 041 | 0 | |a eng | |
| 044 | |a CZ | ||
| 245 | 1 | 0 | |a Acta Universitatis Carolinae |b Environmentalica |
| 264 | 1 | |a Praha |b Univerzita Karlova v Praze. Nakladatelství Karolinum |c 2007 | |
| 773 | 0 | |w eu_un_cat*0073425 | |
| 610 | 2 | 0 | |a chémia |
| 610 | 2 | 0 | |a geológia |
| 610 | 2 | 0 | |a prostredie prírodné |
| 610 | 2 | 0 | |a urbanizmus |
| 610 | 2 | 0 | |a voda |
| 610 | 2 | 0 | |a ochrana prostredia životného |